Философские проблемы технических наук: учебное пособие для магистров и аспирантов

Bibliografiske detaljer
Hovedforfatter: Тяпин И. Н. Игорь Никифорович
Summary:Рассматриваются актуальные и дискуссионные теоретико-методологические вопросы научно-технического знания в контексте основных проблем философии науки, техники и инженерной деятельности, а также истории эволюции человека и общества. Для подготовки аспирантов и соискателей к сдаче кандидатского минимума по курсу «История и философия науки». Может использоваться в учебном процессе в магистратуре, а также по техническим специальностям при изучении философии и философских проблем науки и техники.
Sprog:russisk
Udgivet: Москва, Логос, 2014
Fag:
Format: Bog
KOHA link:https://koha.lib.tpu.ru/cgi-bin/koha/opac-detail.pl?biblionumber=292409

MARC

LEADER 00000nam0a2200000 4500
001 292409
005 20231102000506.0
010 |a 9785987046654 
035 |a (RuTPU)RU\TPU\book\317029 
090 |a 292409 
100 |a 20150422d2014 m y0rusy50 ca 
101 0 |a rus 
102 |a RU 
105 |a y j 001zy 
200 1 |a Философские проблемы технических наук  |e учебное пособие для магистров и аспирантов  |f И. Н. Тяпин 
210 |a Москва  |c Логос  |d 2014 
215 |a 212 с. 
320 |a Библиогр.: с. 208-212. 
320 |a Словарь понятий и терминов: с. 200-207. 
330 |a Рассматриваются актуальные и дискуссионные теоретико-методологические вопросы научно-технического знания в контексте основных проблем философии науки, техники и инженерной деятельности, а также истории эволюции человека и общества. Для подготовки аспирантов и соискателей к сдаче кандидатского минимума по курсу «История и философия науки». Может использоваться в учебном процессе в магистратуре, а также по техническим специальностям при изучении философии и философских проблем науки и техники. 
606 1 |a Техника  |x Философские проблемы  |2 stltpush  |3 (RuTPU)RU\TPU\subj\60025  |9 77515 
610 1 |a технические науки 
610 1 |a философия 
610 1 |a техническое знание 
610 1 |a познание 
610 1 |a история 
610 1 |a Древний мир 
610 1 |a античность 
610 1 |a средние века 
610 1 |a Возрождение 
610 1 |a Новое время 
610 1 |a научно-техническое познание 
610 1 |a инженерная деятельность 
610 1 |a инженерная этика 
610 1 |a гуманизация 
610 1 |a учебные пособия 
686 |a Ю252я73  |v LBC/SL-A  |2 rubbk 
700 1 |a Тяпин  |b И. Н.  |g Игорь Никифорович 
801 1 |a RU  |b 63413507  |c 20150422 
801 2 |a RU  |b 63413507  |c 20150430  |g RCR 
900 |a Философские проблемы естественных, гуманитарных и технических наук 
900 |a Философия науки 
900 |a История и философия науки 
942 |c BK